• 首页
  • 本馆介绍
  • 公告通知
  • 最新文献
  • 馆藏检索
  • 电子资源
  • 读者导购
  • 参考咨询
  • 我的图书馆
  • 登录
  • 详细信息显示
  • 放入我的书架
  • 预约/预借图书
  • 作者相关作品
  • 分类相关作品
  • 丛书相关作品
  • 出版社相关作品

书目信息

  • 表格格式
  • 工作单格式
  • 卡片格式
题名:
巴比伦神话故事
    
 
作者: 姬耘 编译
分册:  
出版信息: 北京   中国民族摄影艺术出版社  1998
页数: 388页
开本: 20cm
丛书名:
单 册:
中图分类: I370.73
科图分类:
主题词: 神话--巴比伦--选集 , 神话
电子资源:
ISBN: 7-80069-256-6
000 00626nam0 2200229 450
001 1559200812
005 20150125102058.43
010    @a7-80069-256-6@dCNY19.80
100    @a19990323d1998 em y0chiy0110 ea
101 1  @achi
102    @aCN@b110000
105    @ay z 000fy
200 1  @a巴比伦神话故事@9ba bi lun shen hua gu shi@f姬耘[编译]
210    @a北京@c中国民族摄影艺术出版社@d1998
215    @a388页@d20cm
510 1  @aBabylon mythology@zeng
606 0  @a神话@y巴比伦@x选集
606 0  @a神话
690    @aI370.73@v5
701  0 @a姬耘@9ji yun@4编译
801  0 @aCN@bTSSF@c20150125
905    @aZUCC@dI370.73@eJY14
    
    巴比伦神话故事/姬耘[编译].-北京:中国民族摄影艺术出版社,1998
    388页;20cm
    
    
    ISBN 7-80069-256-6:CNY19.80
    
●
相关链接 在E读中查询图书 在五车中查询图书 在当当中查询图书 在豆瓣中查询图书


正题名:巴比伦神话故事     索取号:I370.73/JY14         预约/预借

序号 登录号 条形码 馆藏地/架位号 状态 备注
1 7855051   278550514   学院路分馆/ [索取号:I370.73/JY14] 在馆    
2 7856401   278564019   学院路分馆/ [索取号:I370.73/JY14] 在馆    
3 7856402   278564028   学院路分馆/ [索取号:I370.73/JY14] 在馆    
4 7856403   278564037   学院路分馆/ [索取号:I370.73/JY14] 在馆    
唐山师范学院图书馆 欢迎您!
大连网信软件有限公司© 版权所有